00746nas a2200229Ia 4500001001100000003000900011008004100020040001300061040001300074041001300087100004600100210001100146222001100157245008000168250001100248260003000259501008600289300001700375362002600392500006200418650003600480R008/D0459IT-RoPAU151124c99999999xx |||||||||||| ||und|| aIT-RoPAU cIT-RoPAU aITALIANO aDiana MariolinagCodice Aut. SPICS: 23184 aGARAGE aGarage aGARAGE, ANNO 02-N.03 (1995)bLuci Colori Superfici Nel Cinema di Kieslowski a1a ed. aTORINObSCRIPTORIUMc1995 bPaulus - SPICS - Società San Paolo EM (non-commercial uses only)cCopyright2015 a9 p. [83-91] aANNO 002, N.03 (1995) aFilm Bianco Film Blu e Film Rosso di Krysztof Kieslowski. aCINEMAvPUBBLICAZIONE PERIODICA